Hướng dẫn giảng dạy nghề nuôi cá : Cho thanh thiếu niên, học sinh - sinh viên sau cai nghiện

Tài liệu nêu lên những thực trạng về tình hình nghiện ma túy ở Việt Nam hiện nay và đưa ra những biện pháp khắc phục; hướng dẫn dạy một số nghề thông dụng nhất, đáp ứng nhu cầu và phù hợp với đối tượng thanh thiếu niên sau cai nghie...

Descrizione completa

Salvato in:
Dettagli Bibliografici
Enti autori: Bộ Giáo dục và Đào tạo., Ban chỉ đạo , phồng chống AIDS, ma tuý và TNXH
Natura: Libro
Lingua:Undetermined
Pubblicazione: Hà Nội [Giáo dục] 2009
Soggetti:
Tags: Aggiungi Tag
Nessun Tag, puoi essere il primo ad aggiungerne! !
Thư viện lưu trữ: Trung tâm Học liệu Trường Đại học Cần Thơ
LEADER 01227nam a2200217Ia 4500
001 CTU_169496
008 210402s9999 xx 000 0 und d
082 |a 639.3 
082 |b B105 
110 |a Bộ Giáo dục và Đào tạo. 
110 |b Ban chỉ đạo , phồng chống AIDS, ma tuý và TNXH 
245 0 |a Hướng dẫn giảng dạy nghề nuôi cá : 
245 0 |b Cho thanh thiếu niên, học sinh - sinh viên sau cai nghiện 
245 0 |c Bộ Giáo dục và Đào tạo. Ban chỉ đạo, phòng chống AIDS, ma tuý và TNXH 
260 |a Hà Nội 
260 |b [Giáo dục] 
260 |c 2009 
520 |a Tài liệu nêu lên những thực trạng về tình hình nghiện ma túy ở Việt Nam hiện nay và đưa ra những biện pháp khắc phục; hướng dẫn dạy một số nghề thông dụng nhất, đáp ứng nhu cầu và phù hợp với đối tượng thanh thiếu niên sau cai nghiện. 
650 |a Aquaculture,Fish culture,Nuôi trồng thuỷ sản,Nuôi cá 
904 |i Liên,Qhieu 
980 |a Trung tâm Học liệu Trường Đại học Cần Thơ